Normal view
MARC view
Entry Topical Term
001 - CONTROL NUMBER
- control field: 32144
003 - CONTROL NUMBER IDENTIFIER
- control field: dpl
005 - DATE AND TIME OF LATEST TRANSACTION
- control field: 20110809164540.0
008 - FIXED-LENGTH DATA ELEMENTS
- fixed length control field: 110809|||a|||||| | ||| d
040 ## - CATALOGING SOURCE
- Original cataloging agency: dpl
- Transcribing agency: dpl
150 ## - HEADING--TOPICAL TERM
- Topical term or geographic name as entry element: Rajput painting
- Geographic subdivision: India
- Geographic subdivision: Rajasthan.
670 ## - SOURCE DATA FOUND
- Source citation: Work cat.: (dpl)51369: Cimino, Rosa Maria 32142, Wall paintings of Rajasthan :, 2001
670 ## - SOURCE DATA FOUND
- Source citation: Work cat.: (dpl)51369: Cimino, Rosa Maria 32142, Wall paintings of Rajasthan :, 2001
